000 00905nam a22002537a 4500
999 _c64858
_d64858
005 20240530110754.0
008 181226s2014 ua f b 000 |dara d
017 _a2013/10891
_bمصر. دار الكتب
020 _a97897709032438
040 _aEG-CaGPL
_cEG-CaGPL
082 0 4 _221
_a320.962 /
_bق/ج م
100 0 _aجلال امين
245 1 0 _aمحنة الدنيا والدين فى مصر /
_cجلال امين
250 _aط.3
260 _aالقاهرة :
_bدار الشروق ،
_c2014.
300 _a171 ص. ؛
_c24 سم.
504 _aيشتمل على ارجاعات ببليوجرافية
650 _2qrmak
651 0 7 _2qrmak
_aمصر
_xالاحوال السياسية
651 0 7 _2qrmak
_aمصر
_xتاريخ
_yالعصر الحديث
651 0 7 _2qrmak
_aمصر
_xالاحوال الدينية
942 _2ddc
_cBK